| 000 | 00482nam a2200181Ia 4500 | ||
|---|---|---|---|
| 001 | 43230 | ||
| 008 | 140425s9999 xx 000 0 und d | ||
| 020 | _aNA | ||
| 040 | _cPK-LaUMT | ||
| 082 |
_aRHC 891.4394 _bABU-Z |
||
| 100 | _aAbu Al-Imtiaz | ||
| 245 |
_aZaboor-e-khayaal (Urdu) _btanqeed, maqalaat, mabaahis _cAbu Al-Imtiaz |
||
| 260 |
_aLahore,Pakistan: _bQamar Enterprises, _c2006 |
||
| 300 | _a212 p. | ||
| 546 | _aUR | ||
| 650 | _aPakistani literature-Urdu | ||
| 942 | _cBK | ||
| 999 |
_c41240 _d41240 |
||